000 00686nam a2200205Ii 4500
003 JO-AjNU
008 230605s9999||||xx |||||||||||||| ||und||
017 _a2014/6/3005
040 _aJO-AjNU
_bara
_erda
_cJO-AjNU
041 _aara
050 1 4 _aPR2796.A7 2014
100 3 _aشكسبير، وليم ؛ ترجمة حرب محمد شاهين,
_eauthor
_948058
245 0 0 _aالليلة الثانية عشر
264 3 1 _aعمان: المترجم، 2014
300 _a118ص
336 _atext
_btxt
_2rdacontent
337 _aunmediated
_bn
_2rdamedia
338 _avolume
_bnc
_2rdacarrier
650 4 _aالأدب العربي - الأدب الإنجليزي - ترجمة
_948059
999 _aA21021
_c24589
_d24589